Responses for Show #3328 - Wednesday, February 10, 1999

1999 Tournament of Champions quarterfinal game 3.

Contestants

[<< previous game]

Juliet Wiley, a stay-at-home mom from Plano, Texas

David Bagley, an attorney from San Diego, California

Pat Healy, an index editor from Vallejo, California

[next game >>]

Jeopardy! Round responses

INDONESIA
COLLEGE SPORTS TEAM NICKNAMES
U.S."A"s
COMPOSERS
SHAKESPEAREAN CLICHES
QUECHUA CATCHWORDS
    $100 16
White

Juliet
    $100 21
Crimson Tide

Juliet
    $100 11
Benedict Arnold

Juliet
    $100 2
Franz Schubert

Juliet
    $100 1
Julius Caesar

David
    $100 26
Condor

Pat
    $200 17
Jakarta

David
    $200 22
Midshipmen

David
    $200 12
Atlantic City

David
    $200 7
Johann Sebastian Bach

Pat
    $200 3
Shylock

Juliet
    $200 27
Pampas

Triple Stumper
    $300 18
Oil

Juliet
    $300 23
Volunteers

David
    $300 13
Attorney General

David
    $300 8
Aaron Copland

Pat
    $300 4
Macbeth

Juliet
    $300 28
Jerky

Juliet
    $400 19
Every 5 years

Juliet
    $400 24
Nittany Lions

David
    $400 14
Spiro Agnew

David
    $400 9
Richard Strauss

Pat
    $400 5
King John

David
    $400 29
(David: What is guacho?)
[Accepted as correct; reversed before Double Jeopardy! when "after our judges debated it at great length, your response of 'guacho' instead of 'gaucho' could not be accepted, so you lose $800."]

gaucho

David
Triple Stumper
    $500 20
Sukarno

David
    $500 25
Wildcats

Pat
    $500 15
Stephen F. Austin

David
    $500 10
(P: Who is Caravello?)

(Ruggiero) Leoncavallo

PatDavid
    $500 6
Polonius

David
    $500 30
(Going to commercial break, a shot of 1998 TOC winner Dan Melia in the audience)

Llama

Juliet

Scores at the first commercial break (after clue 13):

Pat David Juliet
$400 $2,000 $700

Scores at the end of the Jeopardy! Round:

Pat David Juliet
$1,000 $4,100 $2,400

Double Jeopardy! Round responses

THE 11th CENTURY
(Alex: That was a great one!)
BIG SCREEN BRAINBUSTERS
HENRY JAMES' BOSTONIANS
(Alex: The book)
A SILENT "P"
HAM
CHEESE
    $200 21
Supernova

Juliet
    $200 12
Debra Winger

Pat
    $200 26
Cape Cod

Pat
    $200 11
Psalms

Pat
    $200 6
Cardinal

David
    $200 1
Wisconsin

Pat
    $400 22
The Crusades

Juliet
    $400 13
Vic Morrow

Juliet
    $400 27
Ransom

Pat
    $400 14
Ptomaine

Juliet
    $400 7
(NOTE: "Tonight's Jeopardy was taped Jan. 5")
(King Hussein died on February 7, 1999)

King Hussein

David
    $400 2
Swiss cheese

Pat
    $600 23
Excommunication

David
    $3,000 18
(P: I've been waiting nearly a year to say this: "Let's make it a True Daily Double!")

Clark Gable & Marilyn Monroe

Pat
    $600 28
Nathaniel Hawthorne

Pat
    $600 15
Pteranodon

Triple Stumper
    $600 8
Joe Walsh

Juliet
    $600 3
Roquefort

Juliet
    $800 24
The Bayeux Tapestry

David
    $800 19
Marcel Marceau

Pat
    $800 29
The Hunchback of Notre Dame

Pat
    $1,000 16
[Painting of Cupid and [*]]
(Juliet: [No response])

Psyche

Juliet
    $800 9
King Juan Carlos

David
    $800 4
(Alex: You can catch a lot of rats with it!)

Cheddar

Triple Stumper
    $1000 25
(D: What is the Ottoman Empire?)

Byzantine Empire

David
Triple Stumper
    $1000 20
Kim Hunter

Pat
    $1000 30
Honore de Balzac

David
    $1000 17
Psilocybin

Pat
    $1000 10
Kathryn Sullivan

Triple Stumper
    $1000 5
(J: What is whey?)

Casein

DavidJuliet

Scores at the end of the Double Jeopardy! Round:

Pat David Juliet
$9,800 $7,900 $3,000

Final Jeopardy! Round responses

MUSICALS AROUND THE WORLD
["La Novicia Rebelde" - "The Rebellious Novitiate"]
JulietWhat is The Sound of Music?
$3,000
DavidWhat is Sound of Music?
$4,500
PatWhat is The Sound of Music
$6,001
The Sound of Music

Final scores:

Pat David Juliet
$15,801 $12,400 $6,000
Automatic semifinalist 2nd place: $2,500 if eliminated 3rd place: $2,500 if eliminated

Game dynamics:

Coryat scores:

Pat David Juliet
$7,400 $7,900 $4,000
17 R
(including 1 DD),
1 W
20 R
(including 1 DD),
2 W
16 R,
2 W
(including 1 DD)

Combined Coryat: $19,300

[game clues] [game scores] [suggest correction]

Game tape date: 1999-01-05
The J! Archive is created by fans, for fans. Scraping, republication, monetization, and malicious use prohibited; this site may use cookies and collect identifying information. See terms. The Jeopardy! game show and all elements thereof, including but not limited to copyright and trademark thereto, are the property of Jeopardy Productions, Inc. and are protected under law. This website is not affiliated with, sponsored by, or operated by Jeopardy Productions, Inc. Join the discussion at JBoard.tv.